| 000 | 00660nam a2200217Ia 4500 | ||
|---|---|---|---|
| 003 | GCL | ||
| 008 | 140319s9999 xx 000 0 ara d | ||
| 040 |
_aGCL / _cGCL |
||
| 082 | 0 | 4 |
_a346.092 _bع ج |
| 100 | 1 | _aعادل محمد خير | |
| 245 | 1 | 0 |
_aالجرائم السياحية فى التشريع المصرى / _cعادل محمد خير |
| 260 |
_a[S.N] : _bدار النهضة العربية ، _c1993 |
||
| 300 | _a331 ص | ||
| 490 | _a | ||
| 650 | 0 | 4 | _aالقانون |
| 650 | 0 | 4 | _aالاستثمار |
| 650 | 0 | 4 | _aالسياحة |
| 650 | 0 | 4 | _aقوانين وتشريعات |
| 650 | 0 | 4 | _aالقانون الدستورى |
| 942 |
_2ddc _cBK |
||
| 999 |
_c27751 _d27751 |
||